Balfour Beatty Ltd v Britannia Life Ltd (Record no. 26277)

MARC details
000 -LEADER
fixed length control field 01522cab a2200229 4500
001 - CONTROL NUMBER
control field E2787
008 - FIXED-LENGTH DATA ELEMENTS--GENERAL INFORMATION
fixed length control field 090401t1997 xxu||||| |||| 00| 0 eng d
035 ## - SYSTEM CONTROL NUMBER
System control number (Sirsi) u40963
041 ## - LANGUAGE CODE
Language code of text/sound track or separate title eng
245 ## - TITLE STATEMENT
Title Balfour Beatty Ltd v Britannia Life Ltd
260 ## - PUBLICATION, DISTRIBUTION, ETC.
Date of publication, distribution, etc. 1997
350 ## - PRICE (NR) (BK AM CF MU VM SE) [OBSOLETE]
Price 0
490 ## - SERIES STATEMENT
Series statement Scots Law Times
Volume/sequential designation 1997 SLT 10-24(23)
520 ## - SUMMARY, ETC.
Summary, etc. Outer House. Lord Penrose. 14 December 1994. Contract - building contract - construction - retention of money - money deducted from sums certified as payable to be held by employer as trustee for management contractor and any works contractor - termination of contract on insolvency of management contractor - whther works contractors entitled to payment of money retained or to have sums appropriated and set aside for their exclusive benefit - whether trust created. Trust - construction - building contract - retention money - money deducted from sums certified as payable to be held by employer as trustee for management contractor and any works contractor - termination of contract on insolvency of management contractor - whether contractors in redevelopment entitled to payment of money retained or have sums appropriated and set aside for their exclisive benefit - whether trust created.
650 ## - SUBJECT ADDED ENTRY--TOPICAL TERM
Topical term or geographic name entry element BALFOUR BEATTY LTD V BRITANNIA LIFE LTD
650 ## - SUBJECT ADDED ENTRY--TOPICAL TERM
Topical term or geographic name entry element BUILT ENVIRONMENT-BUILDING CONTRACT FORMS
650 ## - SUBJECT ADDED ENTRY--TOPICAL TERM
Topical term or geographic name entry element MANAGEMENT CONTRACTING
650 ## - SUBJECT ADDED ENTRY--TOPICAL TERM
Topical term or geographic name entry element MANAGEMENT CONTRACTS
690 ## - LOCAL SUBJECT ADDED ENTRY--TOPICAL TERM (OCLC, RLIN)
Topical term or geographic name as entry element BUILDING AND CONSTRUCTION-CASE LAW
942 ## - ADDED ENTRY ELEMENTS (KOHA)
Suppress in OPAC 0
948 ## - LOCAL PROCESSING INFORMATION (OCLC); SERIES PART DESIGNATOR (RLIN)
c (OCLC) 04/03/1997
Holdings
Withdrawn status Lost status Source of classification or shelving scheme Damaged status Not for loan Home library Current library Shelving location Date acquired Total Checkouts Full call number Barcode Date last seen Copy number Price effective from Koha item type
    Dewey Decimal Classification     London London Journal article 14/09/1999   E2787 40963-1001 06/08/2019 1 06/08/2019 Law report